Temprano otoño
Salvato in:
| Autore principale: | |
|---|---|
| Natura: | Libro |
| Lingua: | spagnolo |
| Pubblicazione: |
Santiago
Andrés Bello
1989
|
| Edizione: | 1a. ed |
| Serie: | Club de Lectores Andrés Bello, 133
|
| Soggetti: | |
| Tags: |
Aggiungi Tag
Nessun Tag, puoi essere il primo ad aggiungerne!!
|
MARC
| LEADER | 00000cam a2200000 a 4500 | ||
|---|---|---|---|
| 001 | UCF6198 | ||
| 003 | CL-VaPUC | ||
| 008 | 130418e19890000CL |||||||||||||||||spa|d | ||
| 020 | |a 9561308664 | ||
| 082 | 0 | 4 | |a 813 |b BRO |2 21 |
| 100 | 0 | |a Bromfield, Louis |e author |9 568237 | |
| 245 | 1 | 0 | |a Temprano otoño |
| 250 | |a 1a. ed | ||
| 300 | |a 279 p | ||
| 942 | |c BK | ||
| 945 | |d 20130418 00:00:00 |a cmena | ||
| 260 | |a Santiago |b Andrés Bello |c 1989 | ||
| 650 | 0 | |a Novelas estadounidenses |9 265217 | |
| 650 | 0 | |a Vida familiar |9 308049 | |
| 650 | 0 | |a Literatura estadounidense |9 317168 | |
| 583 | |a last modification |c 20130418 10:21:00 |k Rodrigo Vera | ||
| 490 | 0 | |a Club de Lectores Andrés Bello, 133 | |
| 999 | |c 351511 |d 351509 | ||
| 952 | |0 0 |1 0 |4 0 |6 813_000000000000000_BRO_1989 |7 0 |8 A |9 455648 |a BIBEDU |b BIBEDU |d 2019-11-22 |i 4956680 |o 813 BRO 1989 |p 4956680 |r 2019-11-22 |w 2019-11-22 |y BK |k LIT | ||